| 000 | 00702cam a22001935a 4500 | ||
|---|---|---|---|
| 001 | L154747 | ||
| 008 | 120117s1978 xxk f 000 0 eng d | ||
| 035 | _a(Sirsi) u154747 | ||
| 041 | 0 | _aeng | |
| 110 | 2 |
_aCentre for Advanced Land Use Studies _92934 |
|
| 245 | 0 | 3 | _aAn algebraic comparison of methods of valuing varying profit rents |
| 260 |
_aReading _bCollege of Estate Management _c1978 |
||
| 300 |
_a15p. _c21cm. |
||
| 490 | 0 |
_aOccasional Papers in Estate Management _v(11) |
|
| 520 | _aA mathematical comparison of four types of valuation: dual rate; sinking fund; double sinking fund; and annual equivalent method. | ||
| 651 | 4 |
_aUnited Kingdom _y |
|
| 690 |
_aValuation _96273 |
||
| 942 | _n0 | ||
| 999 |
_c113125 _d113125 |
||